000 00316nam a22001337a 4500
008 180207b xxu||||| |||| 00| 0 eng d
020 _a9780073301914
041 _aeng
080 _a61
100 _a2
101 _aSHM
245 _aCALCULATION AND ADMINISTRATION OF MEDICATIONS
_cBOOTH.K.A
942 _2udc
_cBK
999 _c41996
_d41996